000 00407cam a2200181ua 4500
020 _cRs 2.00
041 _ahin
_h
082 _a891.54
_bANJ/NA
100 _aAnjay, .
245 _aNaye Ekanki /
_cAnjay.
_hTextual Documents
250 _a2 /
_b.
260 _a :
_bRajpal and Sanch ,
_c1963.
300 _a100 ; .
365 _aRs 2.00
504 _a
942 _cBK
999 _c3455
_d3455